000 00925cab a2200217 4500
001 ABS39639
008 090401t1988 xxu||||| |||| 00| 0 eng d
035 _a(Sirsi) u17922
041 _aeng
100 _aShucksmith, M.
245 _aPolicy aspects of housebuilding on farmland in Britain
260 _c1988
350 _a0
490 _aLand Development Studies
_v5(2) May 1988, 129-138(10)
520 _aReviews post-war policies for rural settlement and agriculture in Britain and reconsiders them in the context of EEC surplus farm production and pressures for increased housebuilding . Summarises recent policy changes and discusses the potential of rural settlement strategies and the criteria against which they might be evaluated. References. (Journal available for reference only)
650 _aFARMING
650 _aHOUSING
690 _aPLANNING LAW AND PRACTICE
942 _n0
948 _c04/03/1997
999 _c11887
_d11887